000 00409nam a2200133Ia 4500
008 100328s9999 xx 000 0 und d
082 _b30037
100 _aकुलकर्णी भी. ब.
245 _aसंभाषणकला
260 _bमॅजेस्टिक बुक स्टॉल
630 _aसंभाषणकला
730 _aसंभाषणकला
942 _cBOOK
999 _c521025
_d521022